[Event "4NCL/Div1/BAR2 vs. SLOS1"]
[Site "Birmingham ENG"]
[Date "2006.05.01"]
[Round "11.6"]
[White "Martyn, Rafe"]
[Black "Hodgson, John H"]
[Result "1-0"]
[WhiteElo "2323"]
[BlackElo "2217"]
[PlyCount "99"]
[EventDate "2006.05.01"]
[EventType "team"]
[EventRounds "11"]
[EventCountry "ENG"]
[WhiteTeam "Slough Sharks 1"]
[BlackTeam "Barbican 4NCL 2"]

1. d4 Nf6 2. c4 g6 3. Nf3 Bg7 4. g3 O-O 5. Bg2 d5 6. cxd5 Nxd5 7. O-O Nb6 8.
Nc3 Nc6 9. e3 e5 10. d5 Ne7 11. e4 Bg4 12. h3 Bxf3 13. Qxf3 c6 14. Rd1 cxd5 15.
exd5 Nf5 16. d6 Nd4 17. Qxb7 Qxd6 18. Bg5 Qe6 19. Rac1 h6 20. Be3 Rfd8 21. Qa6
Rac8 22. b3 Rc7 23. Kh2 Rdc8 24. Nb5 Rxc1 25. Rxc1 Rxc1 26. Bxc1 Qc8 27. Qxc8+
Nxc8 28. Bf1 Kf8 29. Ba3+ Ke8 30. Bc5 Nxb5 31. Bxb5+ Kd8 32. Kg2 f5 33. a4 a5
34. Kf3 g5 35. g4 fxg4+ 36. hxg4 Kc7 37. Ke4 Nd6+ 38. Kd5 Nf7 39. Be8 Nd8 40.
f3 Kb7 41. b4 axb4 42. Bxb4 Kb6 43. a5+ Ka6 44. Bg6 e4 45. fxe4 Kb5 46. Bd2 Nb7
47. e5 Nxa5 48. Bxa5 Kxa5 49. e6 Bf8 50. Kc6 1-0

[Event "4NCL/Div1/BAR2 vs. SLOS1"]
[Site "Birmingham ENG"]
[Date "2006.05.01"]
[Round "11.8"]
[White "Ignacz, Maria"]
[Black "Williamson, Paul L"]
[Result "1-0"]
[WhiteElo "2228"]
[BlackElo "2139"]
[PlyCount "71"]
[EventDate "2006.05.01"]
[EventType "team"]
[EventRounds "11"]
[EventCountry "ENG"]
[WhiteTeam "Slough Sharks 1"]
[BlackTeam "Barbican 4NCL 2"]

1. d4 Nf6 2. c4 g6 3. g3 Bg7 4. Nf3 O-O 5. Bg2 d5 6. cxd5 Nxd5 7. Nc3 c6 8. O-O
Nxc3 9. bxc3 Nd7 10. Bf4 Qa5 11. Qb3 e5 12. Bd2 exd4 13. cxd4 Qb6 14. Bb4 c5
15. dxc5 Nxc5 16. Qc4 Ne6 17. Bxf8 Bxa1 18. Bh6 Bg7 19. Bxg7 Kxg7 20. Qc3+ Kg8
21. Ne5 Nd4 22. Qd2 Be6 23. e3 Nc6 24. Nf3 Rd8 25. Qc3 Bxa2 26. Ra1 Bd5 27. Ng5
Bxg2 28. Kxg2 Ne7 29. Qa3 Qf6 30. h4 Nc6 31. Rb1 Ne5 32. Qxa7 h6 33. Rb6 Rd6
34. Qb8+ Rd8 35. Qxb7 Qf5 36. Qe7 1-0

[Event "4NCL/Div1/3CS1 vs. BET"]
[Site "Birmingham ENG"]
[Date "2006.05.01"]
[Round "11.1"]
[White "Davies, Nigel R"]
[Black "Johannessen, Leif E"]
[Result "0-1"]
[WhiteElo "2521"]
[BlackElo "2559"]
[PlyCount "52"]
[EventDate "2006.05.01"]
[EventType "team"]
[EventRounds "11"]
[EventCountry "ENG"]
[WhiteTeam "3Cs Oldham 1"]
[BlackTeam "Betsson.com"]

1. e4 c5 2. Nf3 Nc6 3. Bb5 g6 4. O-O Bg7 5. Re1 e5 6. Bxc6 dxc6 7. a3 a5 8. a4
Qe7 9. d3 Nf6 10. Nbd2 Nd7 11. Nc4 O-O 12. Bd2 b6 13. Bc3 Rb8 14. g3 Rd8 15.
Nh4 Nf8 16. Ng2 f6 17. f4 Qc7 18. Rf1 Ne6 19. f5 gxf5 20. Rxf5 Ng5 21. Rxg5
fxg5 22. Qh5 Rf8 23. Qxg5 Qf7 24. Qd2 b5 25. Nd6 Qf6 26. Nxc8 b4 0-1

[Event "4NCL/Div1/3CS1 vs. BET"]
[Site "Birmingham ENG"]
[Date "2006.05.01"]
[Round "11.2"]
[White "Ledger, Andrew J"]
[Black "Haslinger, Stewart"]
[Result "1/2-1/2"]
[WhiteElo "2430"]
[BlackElo "2426"]
[PlyCount "116"]
[EventDate "2006.05.01"]
[EventType "team"]
[EventRounds "11"]
[EventCountry "ENG"]
[WhiteTeam "Betsson.com"]
[BlackTeam "3Cs Oldham 1"]

1. e4 e5 2. Nf3 d6 3. d4 exd4 4. Nxd4 Nf6 5. Nc3 Be7 6. Bf4 O-O 7. Qd2 d5 8.
exd5 Nxd5 9. Nxd5 Qxd5 10. Nf3 Qe4+ 11. Be3 Bg4 12. Bd3 Qc6 13. Be2 Rd8 14. Qc1
Bf6 15. O-O Nd7 16. h3 Bf5 17. c3 Re8 18. Qd1 Be4 19. Bd4 Rad8 20. Bxf6 Qxf6
21. Qd4 Qxd4 22. Nxd4 c5 23. Nf3 Bc6 24. Rfe1 Nb6 25. b4 Nd5 26. b5 Bd7 27. c4
Nf4 28. Bf1 Rxe1 29. Rxe1 Be6 30. Re4 Ng6 31. Re1 h6 32. g3 Kf8 33. Rc1 Ke7 34.
h4 Kf6 35. Be2 Bh3 36. Rc3 Rd6 37. Re3 Be6 38. Kf1 a6 39. Rb3 a5 40. Re3 b6 41.
Ke1 Ne7 42. Nd2 Nf5 43. Ne4+ Ke7 44. Nxd6 Nxe3 45. Kd2 Nc2 46. Kxc2 Kxd6 47.
Kd2 Ke5 48. Ke3 g5 49. hxg5 hxg5 50. f4+ gxf4+ 51. gxf4+ Kf5 52. Kf3 Bc8 53.
Bd3+ Kf6 54. Ke3 Be6 55. a3 Bh3 56. Kf3 Ke7 57. Kg3 Bc8 58. Kf3 Bh3 1/2-1/2

[Event "4NCL/Div1/3CS1 vs. BET"]
[Site "Birmingham ENG"]
[Date "2006.05.01"]
[Round "11.3"]
[White "Gordon, Stephen J"]
[Black "Webb, Laurence E"]
[Result "1-0"]
[WhiteElo "2411"]
[BlackElo "2336"]
[PlyCount "113"]
[EventDate "2006.05.01"]
[EventType "team"]
[EventRounds "11"]
[EventCountry "ENG"]
[WhiteTeam "3Cs Oldham 1"]
[BlackTeam "Betsson.com"]

1. d4 Nf6 2. c4 e6 3. Nc3 Bb4 4. Nf3 c5 5. g3 cxd4 6. Nxd4 Ne4 7. Qd3 Bxc3+ 8.
bxc3 Nc5 9. Qd2 b6 10. Nb5 O-O 11. Nd6 Bb7 12. Nxb7 Nxb7 13. Bg2 Nc6 14. O-O
Rc8 15. Rd1 Nc5 16. Ba3 Ne5 17. Qd4 Qc7 18. f4 Nc6 19. Qd6 Na5 20. Bxc5 bxc5
21. Qxd7 Nxc4 22. Qxc7 Rxc7 23. Kf2 g6 24. Rab1 Nb6 25. Rd6 Rfc8 26. e4 e5 27.
Bf1 Kg7 28. f5 f6 29. h4 Re8 30. g4 Ree7 31. Bb5 Nc8 32. Rd8 Nb6 33. a4 Rc8 34.
Rbd1 Rxd8 35. Rxd8 a6 36. a5 axb5 37. axb6 Rb7 38. Rd6 gxf5 39. Rc6 Rb8 40.
gxf5 c4 41. Kf3 Kh6 42. Rxf6+ Kh5 43. Rc6 Kxh4 44. f6 Rb7 45. Re6 Rf7 46. Ke3
h5 47. Rxe5 Rxf6 48. Rxb5 Rf8 49. b7 Rb8 50. Kd4 Kg4 51. Kc5 Kf4 52. Kc6 Kxe4
53. Rxh5 Rf8 54. Kc7 Rf7+ 55. Kb6 Rf8 56. Ka7 Kd3 57. Rh3+ 1-0

[Event "4NCL/Div1/3CS1 vs. BET"]
[Site "Birmingham ENG"]
[Date "2006.05.01"]
[Round "11.4"]
[White "Ansell, Simon"]
[Black "Jonkman, Harman"]
[Result "1-0"]
[WhiteElo "2400"]
[BlackElo "2454"]
[PlyCount "51"]
[EventDate "2006.05.01"]
[EventType "team"]
[EventRounds "11"]
[EventCountry "ENG"]
[WhiteTeam "Betsson.com"]
[BlackTeam "3Cs Oldham 1"]

1. e4 e5 2. Nf3 Nc6 3. d4 exd4 4. Nxd4 Qf6 5. Nxc6 Bc5 6. Qf3 Qxf3 7. gxf3 bxc6
8. Bf4 d6 9. Nd2 Bd4 10. c3 Bf6 11. O-O-O Ne7 12. Be3 Be6 13. Bc4 O-O 14. Rhg1
a5 15. a4 Bd7 16. f4 Ng6 17. f5 Ne7 18. f4 g6 19. Bf2 d5 20. Ba2 Bg7 21. Bc5
Rfe8 22. fxg6 hxg6 23. f5 Kh7 24. Nf3 Bh6+ 25. Ng5+ Kg7 26. f6+ 1-0

[Event "4NCL/Div1/3CS1 vs. BET"]
[Site "Birmingham ENG"]
[Date "2006.05.01"]
[Round "11.5"]
[White "Ashton, Adam G"]
[Black "Eames, Robert G"]
[Result "0-1"]
[WhiteElo "2338"]
[BlackElo "2311"]
[PlyCount "64"]
[EventDate "2006.05.01"]
[EventType "team"]
[EventRounds "11"]
[EventCountry "ENG"]
[WhiteTeam "3Cs Oldham 1"]
[BlackTeam "Betsson.com"]

1. e4 c5 2. Nf3 d6 3. d4 cxd4 4. Nxd4 Nf6 5. Nc3 Nc6 6. Bc4 Qb6 7. Nxc6 bxc6 8.
O-O e6 9. Bf4 Qc5 10. Qe2 Be7 11. e5 dxe5 12. Bxe5 O-O 13. Rad1 a5 14. Bd4 Qb4
15. a3 Qb7 16. Rd3 c5 17. Be5 Bd7 18. Rg3 Bc6 19. Qe3 g6 20. Qg5 Ne4 21. Qh6
Bf6 22. Nxe4 Bxe5 23. Ng5 Rfe8 24. Qxh7+ Kf8 25. Rb3 Qe7 26. f4 Bd4+ 27. Kh1
Reb8 28. Rxb8+ Rxb8 29. Bxe6 Rxb2 30. Bb3 c4 31. Bxc4 Rxc2 32. Qh6+ Bg7 0-1

[Event "4NCL/Div1/3CS1 vs. BET"]
[Site "Birmingham ENG"]
[Date "2006.05.01"]
[Round "11.6"]
[White "Duncan, Christopher R"]
[Black "Hamelink, Desiree"]
[Result "0-1"]
[WhiteElo "2332"]
[BlackElo "2198"]
[PlyCount "158"]
[EventDate "2006.05.01"]
[EventType "team"]
[EventRounds "11"]
[EventCountry "ENG"]
[WhiteTeam "Betsson.com"]
[BlackTeam "3Cs Oldham 1"]

1. e4 c5 2. Nc3 Nc6 3. Bb5 Nd4 4. Nf3 g6 5. Nxd4 cxd4 6. Ne2 a6 7. Bc4 Bg7 8.
O-O e6 9. d3 Ne7 10. Bg5 b5 11. Bb3 Bb7 12. Qd2 h6 13. Bh4 g5 14. Bg3 d5 15. f3
O-O 16. a4 Qd7 17. axb5 Qxb5 18. Bd6 Qd7 19. Ba3 Rfd8 20. Ng3 Ng6 21. Nh5 Qc7
22. Nxg7 Kxg7 23. g3 a5 24. Rae1 a4 25. Ba2 e5 26. Rf2 f6 27. c3 dxe4 28. fxe4
Bc8 29. Bd5 Ra6 30. cxd4 exd4 31. Rc1 Qb8 32. Bc5 Be6 33. Bxd4 Bxd5 34. exd5
Rxd5 35. Qc3 Ne5 36. Bxe5 Qxe5 37. Qc8 Ra7 38. Qc4 Rdd7 39. Rd1 Rd4 40. Qc8
Rad7 41. Qa6 h5 42. Rdf1 Rf7 43. Qc6 h4 44. gxh4 Rxh4 45. Qf3 Qd4 46. Kh1 Rf4
47. Qg3 Rg4 48. Qf3 Rf4 49. Qg3 Rxf2 50. Rxf2 Rb7 51. Qg2 Rb3 52. Qe4 Qxe4+ 53.
dxe4 Re3 54. Kg2 Rxe4 55. Rc2 Rb4 56. Kg3 Kg6 57. Kf3 g4+ 58. Kg2 f5 59. Kg3
Rb3+ 60. Kg2 Kg5 61. Kf2 Kh4 62. Kg2 f4 63. Rd2 f3+ 64. Kg1 Re3 65. Rd4 Re1+
66. Kf2 Re2+ 67. Kg1 Rxb2 68. Rxa4 Rb1+ 69. Kf2 Rh1 70. h3 Rh2+ 71. Kg1 Rxh3
72. Ra8 Kg3 73. Ra3 Rh7 74. Rb3 Ra7 75. Rb1 Ra2 76. Rc1 Rh2 77. Rc3 Re2 78. Kf1
Ra2 79. Rc1 Rh2 0-1

[Event "4NCL/Div1/3CS1 vs. BET"]
[Site "Birmingham ENG"]
[Date "2006.05.01"]
[Round "11.7"]
[White "Walton, Alan J"]
[Black "Ledger, David J"]
[Result "1/2-1/2"]
[WhiteElo "2200"]
[BlackElo "2252"]
[PlyCount "136"]
[EventDate "2006.05.01"]
[EventType "team"]
[EventRounds "11"]
[EventCountry "ENG"]
[WhiteTeam "3Cs Oldham 1"]
[BlackTeam "Betsson.com"]

1. d4 f5 2. Bg5 h6 3. Bh4 g5 4. Bg3 Bg7 5. e3 d6 6. Bc4 e6 7. h4 g4 8. Ne2 e5
9. Nbc3 c6 10. dxe5 dxe5 11. Qxd8+ Kxd8 12. O-O-O+ Ke7 13. f3 h5 14. Rhf1 Nh6
15. Be1 Nd7 16. Ng3 Nf6 17. Na4 b5 18. Bb4+ Ke8 19. fxg4 hxg4 20. Bb3 bxa4 21.
Bxa4 Bd7 22. Bd6 Nf7 23. Nxf5 Bxf5 24. Rxf5 Nxd6 25. Bxc6+ Kf7 26. Rxd6 Rac8
27. Bd5+ Kg6 28. Rg5+ Kh7 29. Be6 Rhd8 30. Bf5+ Kh8 31. Ra6 Rc7 32. c3 Nd5 33.
Rh5+ Kg8 34. Be6+ Kf8 35. Rf5+ Ke8 36. Bxd5 Rxd5 37. h5 Rcd7 38. h6 Rd1+ 39.
Kc2 R1d2+ 40. Kb3 Rb7+ 41. Ka3 Bf8+ 42. b4 Rxg2 43. Rxe5+ Kf7 44. Rf5+ Kg8 45.
Raf6 Be7 46. Rg6+ Kh7 47. Re6 Bh4 48. c4 g3 49. Rf4 Rh2 50. Rg4 g2 51. Reg6 Be7
52. c5 a5 53. c6 Rxb4 54. Rg7+ Kxh6 55. R4g6+ Kh5 56. c7 Rg4+ 57. Rxe7 g1=Q 58.
c8=Q Rxa2+ 59. Kxa2 Ra4+ 60. Kb2 Qa1+ 61. Kc2 Ra2+ 62. Kd3 Qb1+ 63. Kd4 Ra4+
64. Kd5 Qd3+ 65. Ke6 Qxg6+ 66. Kd7 Qd3+ 67. Ke8 Qg6+ 68. Kd7 Qd3+ 1/2-1/2

[Event "4NCL/Div1/3CS1 vs. BET"]
[Site "Birmingham ENG"]
[Date "2006.05.01"]
[Round "11.8"]
[White "Tidman, Sophie"]
[Black "Bentley, John L"]
[Result "0-1"]
[WhiteElo "2086"]
[BlackElo "2244"]
[PlyCount "82"]
[EventDate "2006.05.01"]
[EventType "team"]
[EventRounds "11"]
[EventCountry "ENG"]
[WhiteTeam "Betsson.com"]
[BlackTeam "3Cs Oldham 1"]

1. e4 c5 2. Nf3 d6 3. d4 cxd4 4. Nxd4 Nf6 5. Nc3 g6 6. Be3 Bg7 7. f3 Nc6 8. Qd2
O-O 9. O-O-O d5 10. exd5 Nxd5 11. Nxc6 bxc6 12. Bd4 e5 13. Bc5 Be6 14. Ne4 Re8
15. h4 h6 16. Bc4 Qc7 17. g4 Red8 18. g5 h5 19. Bb3 a5 20. a4 Rab8 21. Qh2 Rb7
22. Rd2 Qb8 23. Rhd1 Rxb3 24. cxb3 Qxb3 25. Rd3 Qxa4 26. Ra3 Qb5 27. Qd2 a4 28.
Qc2 Rb8 29. Nd6 Nb4 30. Bxb4 Qxb4 31. Rxa4 Qb6 32. Nc4 Bxc4 33. Rxc4 e4 34. Rd2
exf3 35. Rxc6 Bxb2+ 36. Kb1 Qg1+ 37. Qd1 f2 38. Ka2 f1=Q 39. Rd8+ Rxd8 40.
Qxd8+ Kh7 41. Rc8 Qb1+ 0-1

[Event "4NCL/Div1/GUI2 vs. AD"]
[Site "Birmingham ENG"]
[Date "2006.05.01"]
[Round "11.1"]
[White "Wallace, John P"]
[Black "Rogers, Ian"]
[Result "1/2-1/2"]
[WhiteElo "2392"]
[BlackElo "2564"]
[PlyCount "111"]
[EventDate "2006.05.01"]
[EventType "team"]
[EventRounds "11"]
[EventCountry "ENG"]
[WhiteTeam "Guildford-ADC 2"]
[BlackTeam "The ADs 1"]

1. d4 d5 2. c4 c6 3. Nc3 Nf6 4. e3 g6 5. Nf3 Bg7 6. Be2 O-O 7. O-O Bg4 8. cxd5
Nxd5 9. Qb3 Nb6 10. Rd1 N8d7 11. a4 Be6 12. Qa3 a5 13. e4 Nc4 14. Bxc4 Bxc4 15.
Bg5 f6 16. Be3 b5 17. axb5 cxb5 18. Nxb5 Qb6 19. Nc3 Qb4 20. d5 f5 21. exf5
Bxc3 22. Qxc3 Qxc3 23. bxc3 Rxf5 24. Rd4 Bxd5 25. g4 Rxf3 26. Rxd5 Nf6 27. Rg5
e5 28. Kg2 Rxe3 29. fxe3 Nd7 30. Rd1 Ra7 31. Rxd7 Rxd7 32. Rxe5 Ra7 33. Rd5 a4
34. Rd2 a3 35. Ra2 Kf7 36. Kf3 Ke6 37. Ke4 Ra4+ 38. Kd3 Kd5 39. h3 Kc5 40. e4
Ra8 41. e5 Kd5 42. Kc2 Kc4 43. e6 Ra7 44. Ra1 a2 45. Kb2 Rb7+ 46. Kxa2 Kxc3 47.
Rf1 Re7 48. Rf7 Rxe6 49. Rc7+ Kd4 50. Rxh7 Re3 51. Rd7+ Ke4 52. Re7+ Kf4 53.
Rxe3 Kxe3 54. h4 Kf4 55. h5 Kg5 56. hxg6 1/2-1/2

[Event "4NCL/Div1/GUI2 vs. AD"]
[Site "Birmingham ENG"]
[Date "2006.05.01"]
[Round "11.2"]
[White "Chandler, Murray G"]
[Black "Cherniaev, Alexander"]
[Result "1/2-1/2"]
[WhiteElo "2551"]
[BlackElo "2460"]
[PlyCount "42"]
[EventDate "2006.05.01"]
[EventType "team"]
[EventRounds "11"]
[EventCountry "ENG"]
[WhiteTeam "The ADs 1"]
[BlackTeam "Guildford-ADC 2"]

1. e4 c5 2. Nf3 Nc6 3. Bb5 Nf6 4. e5 Nd5 5. O-O Nc7 6. Bxc6 dxc6 7. h3 h6 8.
Nc3 g5 9. Nh2 Bg7 10. Re1 Bf5 11. d3 Ne6 12. Bd2 Qc7 13. Nf3 O-O-O 14. a4 Rhg8
15. a5 g4 16. Nh4 Bh7 17. Qxg4 Bxe5 18. Qh5 Bf6 19. Qxf7 Nd4 20. Qxh7 Bxh4 21.
Kh1 Nxc2 1/2-1/2

[Event "4NCL/Div1/GUI2 vs. AD"]
[Site "Birmingham ENG"]
[Date "2006.05.01"]
[Round "11.3"]
[White "Hebden, Mark L"]
[Black "Hennigan, Michael T"]
[Result "1-0"]
[WhiteElo "2523"]
[BlackElo "2400"]
[PlyCount "85"]
[EventDate "2006.05.01"]
[EventType "team"]
[EventRounds "11"]
[EventCountry "ENG"]
[WhiteTeam "Guildford-ADC 2"]
[BlackTeam "The ADs 1"]

1. d4 Nf6 2. Nf3 c5 3. d5 d6 4. Nc3 g6 5. e4 Bg7 6. Be2 O-O 7. O-O Na6 8. Bf4
Nc7 9. a4 Bg4 10. Re1 a6 11. Qc1 e5 12. Bg5 Bd7 13. a5 Nb5 14. Na4 Qxa5 15.
Nxc5 Qc7 16. Nxd7 Nxd7 17. c3 f5 18. exf5 gxf5 19. Nh4 Nc5 20. Qd1 Ne4 21. Bxb5
Nxg5 22. Qh5 h6 23. Bd3 e4 24. f4 Nh7 25. Bf1 Qc5+ 26. Kh1 Nf6 27. Qxf5 Rae8
28. Qg6 Nxd5 29. Nf5 Rxf5 30. Qxe8+ Rf8 31. Qe6+ Kh8 32. Rad1 Nf6 33. Qxd6 Qf2
34. Re2 Qh4 35. g3 Qh5 36. Qe7 Qf3+ 37. Kg1 Re8 38. Rd8 Rxd8 39. Qxd8+ Kh7 40.
Qd4 Bf8 41. Rf2 Qh5 42. Qxf6 Bc5 43. Be2 1-0

[Event "4NCL/Div1/GUI2 vs. AD"]
[Site "Birmingham ENG"]
[Date "2006.05.01"]
[Round "11.4"]
[White "Jirka, Jiri"]
[Black "Plaskett, James"]
[Result "1-0"]
[WhiteElo "2393"]
[BlackElo "2485"]
[PlyCount "75"]
[EventDate "2006.05.01"]
[EventType "team"]
[EventRounds "11"]
[EventCountry "ENG"]
[WhiteTeam "The ADs 1"]
[BlackTeam "Guildford-ADC 2"]

1. d4 e6 2. c4 b6 3. a3 Bb7 4. Nc3 Nf6 5. d5 Bd6 6. Nf3 O-O 7. g3 c6 8. Bg2
cxd5 9. cxd5 exd5 10. Nh4 Be5 11. Nxd5 Nxd5 12. Bxd5 Bxd5 13. Qxd5 Nc6 14. O-O
Qf6 15. Rb1 Nd4 16. Qc4 Rac8 17. Qd3 Qc6 18. Be3 Qc2 19. Rfd1 Ne6 20. Qxc2 Rxc2
21. Rxd7 Bxb2 22. Rxa7 Nd4 23. Bxd4 Bxd4 24. e3 Bc5 25. Rb3 Rd8 26. Nf3 Rd1+
27. Kg2 h6 28. h4 Ra1 29. Rd3 Raa2 30. Rd8+ Bf8 31. Kh3 Rxf2 32. Kg4 f5+ 33.
Kf4 g5+ 34. hxg5 hxg5+ 35. Ke5 Rac2 36. Nd4 Rc5+ 37. Kf6 Rh2 38. Rg7+ 1-0

[Event "4NCL/Div1/GUI2 vs. AD"]
[Site "Birmingham ENG"]
[Date "2006.05.01"]
[Round "11.5"]
[White "Conquest, Stuart C"]
[Black "Cernousek, Lukas"]
[Result "1-0"]
[WhiteElo "2505"]
[BlackElo "2422"]
[PlyCount "67"]
[EventDate "2006.05.01"]
[EventType "team"]
[EventRounds "11"]
[EventCountry "ENG"]
[WhiteTeam "Guildford-ADC 2"]
[BlackTeam "The ADs 1"]

1. c4 c6 2. e4 d5 3. exd5 cxd5 4. cxd5 Nf6 5. Nc3 g6 6. Bc4 Bg7 7. Nf3 O-O 8.
O-O Nbd7 9. d3 Nb6 10. Qb3 Bg4 11. Ne5 Bf5 12. Re1 Rc8 13. h3 Nfd7 14. Nxd7
Qxd7 15. Bg5 Nxc4 16. dxc4 Bd3 17. Bxe7 Bxc4 18. Qa3 Rfe8 19. d6 Bd4 20. Rad1
Bxc3 21. bxc3 h5 22. Re5 Kh7 23. Qxa7 Be6 24. Qd4 Bxa2 25. Qh4 f5 26. Rd3 Rg8
27. Qf6 Rg7 28. Bf8 Rf7 29. Re7 Qe8 30. d7 Qxf8 31. Rxf7+ Bxf7 32. dxc8=Q Qxc8
33. Qxf7+ Kh6 34. Qf6 1-0

[Event "4NCL/Div1/GUI2 vs. AD"]
[Site "Birmingham ENG"]
[Date "2006.05.01"]
[Round "11.6"]
[White "Anderton, David"]
[Black "Kosten, Anthony C"]
[Result "0-1"]
[WhiteElo "2267"]
[BlackElo "2504"]
[PlyCount "62"]
[EventDate "2006.05.01"]
[EventType "team"]
[EventRounds "11"]
[EventCountry "ENG"]
[WhiteTeam "The ADs 1"]
[BlackTeam "Guildford-ADC 2"]

1. d4 e6 2. c4 Bb4+ 3. Bd2 a5 4. Nf3 Nc6 5. Nc3 Nf6 6. Qc2 d5 7. e3 O-O 8. Bd3
Bd6 9. a3 dxc4 10. Bxc4 e5 11. d5 Ne7 12. e4 Ng6 13. O-O-O Bg4 14. Be2 Nf4 15.
Bxf4 Bxf3 16. Bg5 Bxe2 17. Qxe2 Be7 18. Be3 Ne8 19. f3 Nd6 20. Nb5 Qd7 21. Nxd6
Bxd6 22. g4 b5 23. Qc2 Rfb8 24. Bc5 b4 25. axb4 axb4 26. b3 Rb5 27. Be3 Rba5
28. Qc4 Ra2 29. h4 Qd8 30. g5 Rg2 31. Kb1 Ra1+ 0-1

[Event "4NCL/Div1/GUI2 vs. AD"]
[Site "Birmingham ENG"]
[Date "2006.05.01"]
[Round "11.7"]
[White "King, Daniel J"]
[Black "Snape, Ian"]
[Result "1-0"]
[WhiteElo "2522"]
[BlackElo "2227"]
[PlyCount "93"]
[EventDate "2006.05.01"]
[EventType "team"]
[EventRounds "11"]
[EventCountry "ENG"]
[WhiteTeam "Guildford-ADC 2"]
[BlackTeam "The ADs 1"]

1. g3 g6 2. Bg2 Bg7 3. d4 c5 4. c3 Qa5 5. d5 d6 6. e4 Nf6 7. Ne2 Nbd7 8. Nd2
O-O 9. O-O Qc7 10. f4 Rb8 11. a4 b6 12. h3 a6 13. g4 h6 14. Ng3 c4 15. Nf3 e6
16. dxe6 fxe6 17. Nh4 g5 18. Ng6 Re8 19. e5 dxe5 20. fxg5 hxg5 21. Bxg5 Bb7 22.
Bxb7 Qxb7 23. Qe2 b5 24. axb5 axb5 25. Rf2 Kh7 26. Bxf6 Nxf6 27. Nxe5 Rf8 28.
Nf3 Qc7 29. Ne4 Kh8 30. Nfg5 Qb6 31. Raf1 Bh6 32. Kh1 Qc6 33. Rxf6 Rxf6 34.
Rxf6 Bxg5 35. Rf3 Bc1 36. g5 Kg7 37. Kg2 Bxb2 38. g6 Rb7 39. Qe3 e5 40. Rf6 Qd5
41. Rd6 Qg8 42. Qg5 Qb8 43. Qf6+ Kh6 44. Qh4+ Kg7 45. Qh7+ Kf8 46. Qh8+ Ke7 47.
Qg7+ 1-0

[Event "4NCL/Div1/GUI2 vs. AD"]
[Site "Birmingham ENG"]
[Date "2006.05.01"]
[Round "11.8"]
[White "Bellin, Jana"]
[Black "Lalic, Susan"]
[Result "1/2-1/2"]
[WhiteElo "2170"]
[BlackElo "2356"]
[PlyCount "30"]
[EventDate "2006.05.01"]
[EventType "team"]
[EventRounds "11"]
[EventCountry "ENG"]
[WhiteTeam "The ADs 1"]
[BlackTeam "Guildford-ADC 2"]

1. d4 e6 2. c4 d5 3. Nc3 c5 4. cxd5 cxd4 5. Qa4+ Bd7 6. Qxd4 exd5 7. Qxd5 Nc6
8. Nf3 Nf6 9. Qb3 Be6 10. Qa4 Bc5 11. e3 O-O 12. Be2 a6 13. O-O b5 14. Qh4 Ne7
15. Nd4 Bd7 1/2-1/2

[Event "4NCL/Div1/NWE1 vs. WGR2"]
[Site "Birmingham ENG"]
[Date "2006.05.01"]
[Round "11.1"]
[White "Dgebuadze, Alexandre"]
[Black "Gormally, Daniel W"]
[Result "1-0"]
[WhiteElo "2535"]
[BlackElo "2554"]
[PlyCount "61"]
[EventDate "2006.05.01"]
[EventType "team"]
[EventRounds "11"]
[EventCountry "ENG"]
[WhiteTeam "N W Eagles 1"]
[BlackTeam "Wood Green 2"]

1. e4 c5 2. Nf3 d6 3. d4 Nf6 4. Nc3 cxd4 5. Nxd4 a6 6. Be3 Ng4 7. Bc1 Nf6 8.
Bc4 e6 9. O-O Be7 10. Bb3 b5 11. Qf3 Qc7 12. Qg3 Nc6 13. Be3 Nxd4 14. Bxd4 Bb7
15. f3 O-O 16. Rad1 Rac8 17. Rfe1 Bc6 18. Rd2 Qb7 19. a3 a5 20. Nd1 Bd7 21. f4
Bc6 22. Nf2 Nh5 23. Qf3 Nxf4 24. Bxg7 Kxg7 25. Qxf4 Kh8 26. Ng4 f5 27. exf5
Rxf5 28. Qe3 Bg5 29. Qc3+ e5 30. Rxd6 Bf3 31. Rxe5 1-0

[Event "4NCL/Div1/NWE1 vs. WGR2"]
[Site "Birmingham ENG"]
[Date "2006.05.01"]
[Round "11.2"]
[White "Emms, John M"]
[Black "Sebag, Marie"]
[Result "1/2-1/2"]
[WhiteElo "2502"]
[BlackElo "2434"]
[PlyCount "162"]
[EventDate "2006.05.01"]
[EventType "team"]
[EventRounds "11"]
[EventCountry "ENG"]
[WhiteTeam "Wood Green 2"]
[BlackTeam "N W Eagles 1"]

1. e4 e5 2. Nf3 Nc6 3. Bb5 a6 4. Ba4 Nf6 5. d3 b5 6. Bb3 Be7 7. O-O d6 8. c3
O-O 9. Re1 Na5 10. Bc2 c5 11. Nbd2 Nc6 12. Nf1 h6 13. Ne3 Re8 14. a4 Be6 15. d4
cxd4 16. cxd4 exd4 17. Nxd4 Nxd4 18. Qxd4 b4 19. a5 b3 20. Bd3 Nd7 21. Nd5 Bxd5
22. Qxd5 Bf6 23. Bc4 Qe7 24. Bf4 Be5 25. Bxe5 dxe5 26. Rad1 Nc5 27. Qd6 Qxd6
28. Rxd6 Rad8 29. Rc6 Rc8 30. Rxc8 Rxc8 31. Rc1 Rb8 32. Bxf7+ Kxf7 33. Rxc5 Rd8
34. g3 Rd2 35. Rc7+ Kf8 36. Rc6 Rxb2 37. Rxa6 Ra2 38. Kg2 b2 39. Rb6 Rxa5 40.
Rxb2 Kf7 41. Rb7+ Kf6 42. Rb6+ Kf7 43. h4 Ra4 44. Kf3 h5 45. Rd6 Ra3+ 46. Ke2
g6 47. Rd3 Ra1 48. Rb3 Rh1 49. Ra3 Rb1 50. f3 Rb2+ 51. Kd3 Ke6 52. Ra6+ Kf7 53.
Ra7+ Ke6 54. Ra6+ Kf7 55. Kc4 Rd2 56. Ra7+ Ke6 57. Ra6+ Kf7 58. Ra3 Ke6 59.
Ra6+ Kf7 60. Kc5 Rd3 61. Rb6 Rxf3 62. Kd5 Rxg3 63. Kxe5 g5 64. Rb7+ Kg6 65.
Rb6+ Kf7 66. Rb7+ Kg6 67. hxg5 Kxg5 68. Rg7+ Kh4 69. Rh7 Kg4 70. Kf6 Rf3+ 71.
Ke6 h4 72. e5 h3 73. Rg7+ Kf4 74. Rf7+ Kg3 75. Rg7+ Kf2 76. Rh7 Kg2 77. Kd6
Rd3+ 78. Kc6 h2 79. Rxh2+ Kxh2 80. e6 Re3 81. Kd7 Kg3 1/2-1/2

[Event "4NCL/Div1/NWE1 vs. WGR2"]
[Site "Birmingham ENG"]
[Date "2006.05.01"]
[Round "11.3"]
[White "Macak, Stefan"]
[Black "Baburin, Alexander"]
[Result "0-1"]
[WhiteElo "2343"]
[BlackElo "2519"]
[PlyCount "66"]
[EventDate "2006.05.01"]
[EventType "team"]
[EventRounds "11"]
[EventCountry "ENG"]
[WhiteTeam "N W Eagles 1"]
[BlackTeam "Wood Green 2"]

1. e4 Nf6 2. Nc3 e6 3. e5 Nd5 4. Nxd5 exd5 5. d4 d6 6. f4 dxe5 7. dxe5 Bc5 8.
Nf3 Nc6 9. Bd3 O-O 10. Qe2 f6 11. Be3 Bxe3 12. Qxe3 fxe5 13. fxe5 Bg4 14. O-O
Qe7 15. Rad1 Rae8 16. Bb5 Bxf3 17. Bxc6 Bxg2 18. Kxg2 bxc6 19. Rxf8+ Rxf8 20.
e6 a5 21. Rf1 Rxf1 22. Kxf1 Kf8 23. Kg2 Ke8 24. Qe5 h6 25. Kh1 Qf6 26. Qe1 Ke7
27. Kg1 Qg6+ 28. Kf1 Qf5+ 29. Kg2 d4 30. a4 Qg6+ 31. Kf1 Qf5+ 32. Kg1 g5 33. b4
Qxe6 0-1

[Event "4NCL/Div1/NWE1 vs. WGR2"]
[Site "Birmingham ENG"]
[Date "2006.05.01"]
[Round "11.4"]
[White "Lalic, Bogdan"]
[Black "Hague, Ben"]
[Result "1-0"]
[WhiteElo "2480"]
[BlackElo "2300"]
[PlyCount "63"]
[EventDate "2006.05.01"]
[EventType "team"]
[EventRounds "11"]
[EventCountry "ENG"]
[WhiteTeam "Wood Green 2"]
[BlackTeam "N W Eagles 1"]

1. d4 g6 2. e4 Bg7 3. c4 d6 4. Nc3 f5 5. Nf3 Nh6 6. exf5 Bxf5 7. h3 O-O 8. Be2
Na6 9. O-O c5 10. Be3 cxd4 11. Nxd4 Bd7 12. Bf3 Qc8 13. Bxh6 Bxh6 14. Re1 Re8
15. Bd5+ Kh8 16. Ne6 Bxe6 17. Bxe6 Qc5 18. Bf7 Rf8 19. Rxe7 Qf5 20. Qd5 Qf6 21.
Rxb7 Nc5 22. Ne4 Nxe4 23. Qxe4 Bg7 24. Rb1 Rac8 25. Qe7 Qf5 26. Rf1 Bf6 27. Be6
Qh5 28. Qxd6 Rcd8 29. Rd7 Rb8 30. b3 Be5 31. Qd5 Qg5 32. Re1 1-0